|
|
|
|
| LEADER |
03532nam a2200529 4500 |
| 001 |
978-3-030-31798-0 |
| 003 |
DE-He213 |
| 005 |
20191108172528.0 |
| 007 |
cr nn 008mamaa |
| 008 |
191108s2019 gw | s |||| 0|eng d |
| 020 |
|
|
|a 9783030317980
|9 978-3-030-31798-0
|
| 024 |
7 |
|
|a 10.1007/978-3-030-31798-0
|2 doi
|
| 040 |
|
|
|d GrThAP
|
| 050 |
|
4 |
|a HC79.E5
|
| 072 |
|
7 |
|a KCN
|2 bicssc
|
| 072 |
|
7 |
|a BUS069000
|2 bisacsh
|
| 072 |
|
7 |
|a KCVG
|2 thema
|
| 082 |
0 |
4 |
|a 333.7
|2 23
|
| 100 |
1 |
|
|a Murison Smith, Fraser.
|e author.
|4 aut
|4 http://id.loc.gov/vocabulary/relators/aut
|
| 245 |
1 |
0 |
|a Economics of a Crowded Planet
|h [electronic resource] /
|c by Fraser Murison Smith.
|
| 250 |
|
|
|a 1st ed. 2019.
|
| 264 |
|
1 |
|a Cham :
|b Springer International Publishing :
|b Imprint: Palgrave Macmillan,
|c 2019.
|
| 300 |
|
|
|a XXIV, 428 p. 64 illus.
|b online resource.
|
| 336 |
|
|
|a text
|b txt
|2 rdacontent
|
| 337 |
|
|
|a computer
|b c
|2 rdamedia
|
| 338 |
|
|
|a online resource
|b cr
|2 rdacarrier
|
| 347 |
|
|
|a text file
|b PDF
|2 rda
|
| 505 |
0 |
|
|a 1. Introduction -- 2. Biophysical Context of the Economy -- 3. Simple Physical Model of Nature and Economy -- 4. Subsystem Model of the Economy -- 5. Rationale for an Economics of a Crowded Planet -- 6. Economic Orthodoxy and Emerging Pluralism -- 7. The Economics of Nature -- 8. Conventional Economics On a Crowded Planet -- 9. Framework for an Economics of a Crowded Planet -- 10. Requirements for a Future Economics.
|
| 520 |
|
|
|a This book asks the question, how would economics look today and into the future if one started with a blank sheet of paper? Written mainly for a technical audience, yet accessible to the lay reader, Economics of a Crowded Planet addresses the ontology, epistemology and methodology of a future economics as if from outside the economy looking in. It presents a conceptual framework for a future economics drawing from systems science and hierarchy theory, integrating central concepts from present-day economics, so as to orient the field in a direction that can serve society's future needs in practical ways. The exposition reveals a paradigm called 'market collectivism': the idea that the power of markets may be used to steer the economy toward a desired long-term goal. Both a prescriptive doctrine and an economic methodology, it treats the economy and nature as instances of complex, evolutionary systems, demanding analytical tools quite unlike those of the 20th-century mainstream.
|
| 650 |
|
0 |
|a Environmental economics.
|
| 650 |
|
0 |
|a Climate change.
|
| 650 |
|
0 |
|a Environmental policy.
|
| 650 |
|
0 |
|a Economic policy.
|
| 650 |
|
0 |
|a Schools of economics.
|
| 650 |
1 |
4 |
|a Environmental Economics.
|0 http://scigraph.springernature.com/things/product-market-codes/W48000
|
| 650 |
2 |
4 |
|a Climate Change.
|0 http://scigraph.springernature.com/things/product-market-codes/U12007
|
| 650 |
2 |
4 |
|a Environmental Policy.
|0 http://scigraph.springernature.com/things/product-market-codes/X33040
|
| 650 |
2 |
4 |
|a Economic Policy.
|0 http://scigraph.springernature.com/things/product-market-codes/W34010
|
| 650 |
2 |
4 |
|a Heterodox Economics.
|0 http://scigraph.springernature.com/things/product-market-codes/W53000
|
| 710 |
2 |
|
|a SpringerLink (Online service)
|
| 773 |
0 |
|
|t Springer eBooks
|
| 776 |
0 |
8 |
|i Printed edition:
|z 9783030317973
|
| 776 |
0 |
8 |
|i Printed edition:
|z 9783030317997
|
| 776 |
0 |
8 |
|i Printed edition:
|z 9783030318000
|
| 856 |
4 |
0 |
|u https://doi.org/10.1007/978-3-030-31798-0
|z Full Text via HEAL-Link
|
| 912 |
|
|
|a ZDB-2-ECF
|
| 950 |
|
|
|a Economics and Finance (Springer-41170)
|